| 000 | 00946nas a2200325 4500 | ||
|---|---|---|---|
| 001 | BR8306018 | ||
| 003 | BR-BrBNA | ||
| 005 | 20231205085709.0 | ||
| 007 | ta | ||
| 008 | 230509b bl.|||p| |||| 00| 00por d | ||
| 040 |
_aBR-BrBNA _bpor _cBiblioteca Nacional de Agricultura |
||
| 041 | _a(Pt) | ||
| 072 | _aL73 | ||
| 100 | 1 | _aFarinha, F.B. | |
| 245 | 1 | _aProblemas na gestacao, diversos sao os agentes que originam abortos, natimortos e nascimento de leitoes malformados | |
| 650 | _aSUÍNO | ||
| 650 | _aLEPTOSPIROSE | ||
| 650 | _aERISIPELA | ||
| 650 | _aSALMONELOSE | ||
| 650 | _aLISTERIOSE | ||
| 650 | _aTUBERCULOSE | ||
| 650 | _aLINFADENITE CASEOSA | ||
| 650 | _aPASTEURELOSE | ||
| 650 | _aBACTERIA | ||
| 650 | _aDOENCA DE AUJESZKY | ||
| 650 | _aTOXOPLASMOSE | ||
| 773 | 0 |
_tGranja (Brazil) _xISSN 0367-505X _g(Nov 1983), v. 39(430) p. 34-40 _wBR8306018 |
|
| 909 |
_a202311 _bLúcia _c55 _dLúcia Elande |
||
| 942 |
_2AGRIS _n0 _cANA |
||
| 999 |
_c113150 _d113150 |
||